000 01304cam a22003014a 4500
999 _c22633
_d22633
001 15503751
005 20170124142921.0
008 081029r20092006nyua b 001 0 eng
010 _a 2008047469
020 _a9781402759260
040 _aDLC
_cDLC
_dDLC
041 1 _aeng
_hita
050 0 0 _aN6447.5
_b.L6613 2009
100 1 _aLombardi, Laura.
240 1 0 _aDal Realismo all'Art nouveau.
_lEnglish
245 1 0 _aFrom realism to art nouveau /
_cLaura Lombardi ; [English translation by Angela Arnone].
260 _aNew York, NY :
_bSterling Pub.,
_c2009.
300 _a192 p. :
_bcol. ill. ;
_c27 cm.
500 _aOriginally published: Dal Realismo all'Art nouveau. Florence : Giunti Editore, c2006.
504 _aIncludes bibliographical references (p. 186-189) and index.
650 0 _aArt movements.
650 0 _aArt, Modern
_y19th century.
650 0 _aArt, Modern
_y20th century.
906 _a7
_bcbc
_corignew
_d1
_eecip
_f20
_gy-gencatlg
942 _2lcc
_cBOOKS
_hN 6447.5 .L6613 2009